[Event "POL-chT 2nd League-3 2020"]
[Site "Poronin"]
[Date "2020.09.09"]
[Round "5.14"]
[White "Laszewicz, Pawel"]
[Black "Lapaj, Mateusz"]
[Result "1/2-1/2"]
[WhiteElo "2150"]
[BlackElo "2235"]
[Annotator "TA"]
[PlyCount "76"]
[EventDate "2020.09.05"]
[EventType "team-tourn"]
[EventCountry "POL"]
[SourceTitle "playchess.com"]
[Source "ChessBase"]
[SourceQuality "1"]

{[%evp 14,76,35,12,32,23,26,20,64,56,81,74,93,83,110,71,85,79,113,103,107,108,105,-14,52,46,46,41,48,48,79,69,70,74,64,35,83,83,95,94,85,69,98,85,365,374,351,320,310,0,38,13,20,0,0,0,0,0,102,0,0,0,0,0,0]} 1. e4 c5 2. Nf3 Nc6 3. Nc3 Nf6 4. Bb5 g6 5. e5 Ng4 6. Bxc6 dxc6 7. h3 Nh6 8. g4 Bg7 {B30: Sicilian: 2...Nc6 3 Bb5, lines without ...g6.} 9. Qe2 O-O {[#]} 10. b3 $146 ({Predecessor:} 10. d3 f5 11. Bxh6 fxg4 12. Nd2 Bxh6 13. hxg4 Bf4 14. O-O-O Qd4 15. Nce4 Be6 16. Kb1 Qxe5 {0-1 (68) Muzychuk,A (2566)-Kosteniuk,A (2527) Beijing 2013}) 10... b6 11. Bb2 a5 12. O-O-O Qc7 13. Rhe1 Ba6 14. Qe3 c4 15. Ng5 cxb3 16. axb3 Bb5 17. f4 a4 18. b4 (18. bxa4 $16 Bxa4 19. f5) 18... Rfc8 (18... a3 $1 $11 19. Ba1 (19. Bxa3 Rxa3 20. Nxb5 Rxe3 $17) 19... Ba6) 19. Ba3 Bc4 20. Qd4 Bd5 21. Re3 Rd8 22. Nxd5 Rxd5 23. Qe4 Rad8 24. d4 e6 25. c4 $36 {[%mdl 2048] White has strong initiative.} R5d7 26. Red3 Kh8 27. Kc2 Bf8 28. Qf3 c5 $2 {[%mdl 8192]} (28... Qc8 $16) 29. dxc5 $18 bxc5 30. b5 Rd4 31. Qc6 $2 (31. Kb2 $18) 31... Rxc4+ (31... Qa5 $5 {[%cal Rd4c4]} 32. Rxd4 cxd4 $11) 32. Kb2 Rxd3 $1 33. Qxc7 Rb3+ $1 34. Ka2 {[#] Threatening mate with Rd8.} Rc2+ 35. Ka1 {White threatens Rd8! and mate.} Rxa3+ 36. Kb1 Raa2 $1 {( -> ...a3). The position is equal.} 37. Nxf7+ Nxf7 38. Qxf7 {[%cal Rf7f8][%mdl 64] [#] Double Attack} Rcb2+ {Accuracy: White = 81%, Black = 59%.} 1/2-1/2

[Event "POL-chT 2nd League-3 2020"]
[Site "Poronin"]
[Date "2020.09.09"]
[Round "5.15"]
[White "Garbowski, Jakub"]
[Black "Machlowski, Slawomir"]
[Result "1-0"]
[WhiteElo "2139"]
[BlackElo "2098"]
[Annotator "TA"]
[PlyCount "77"]
[EventDate "2020.09.05"]
[EventType "team-tourn"]
[EventCountry "POL"]
[SourceTitle "playchess.com"]
[Source "ChessBase"]
[SourceQuality "1"]

{[%evp 28,77,16,6,25,14,17,0,29,33,21,8,22,17,34,14,12,0,19,15,28,26,22,25,74,0,81,76,146,110,110,110,112,113,112,92,111,112,112,105,125,124,122,97,135,118,122,122,380,233,235,214]} 1. e4 e6 2. d4 d5 3. Nd2 c5 4. exd5 exd5 5. Ngf3 Nf6 6. Bb5+ Bd7 7. Bxd7+ Nbxd7 {[%cal Bb8d7,Bd7c5,Bc5e4][%mdl 32]} 8. O-O Be7 9. dxc5 Nxc5 10. Nd4 Qd7 11. Qf3 O-O 12. Nf5 Bd8 13. Nb3 Nce4 14. Be3 g6 15. Ng3 Bc7 {[#] C08: French Tarrasch: 3...c5 4 exd5 exd5 sidelines.} 16. Rad1 $146 {[#] Black must now prevent Nxe4.} ({Predecessor:} 16. Rfd1 Qe6 17. Nd4 Qa6 18. a4 Be5 19. c3 Qc4 20. Bf4 Qc7 21. Bxe5 Qxe5 22. a5 a6 23. Nf1 {½-½ (35) Yudasin,L (2480)-Gelfand,B (2510) Norilsk 1987}) 16... Qe6 17. Nd4 Qe5 {The position is equal.} 18. Nb5 {aiming for Bd4.} Bb6 19. Bd4 Bxd4 20. Nxd4 Qc7 21. Qb3 Rac8 22. c3 Nc5 23. Qc2 a6 24. Qd2 Nce4 25. Qh6 Qd7 26. Nf3 (26. Ngf5 $16 {[%csl Gf5][%cal Rh6g7]} Ne8 27. Ne3) 26... Ng4 {[#]} (26... Rfe8 $11 {keeps the balance.}) 27. Nxe4 $1 $16 {[%mdl 512]} Qf5 ({Black should try} 27... Qc7 28. Qh4 dxe4) (27... dxe4 28. Qxf8+) 28. Qh4 dxe4 29. Nd4 Qd7 30. h3 Ne5 31. Qxe4 Nc4 32. b3 $36 {[%mdl 2048] White is on the roll.} Nd6 33. Qf3 Qc7 34. c4 b5 35. cxb5 axb5 36. Qf4 Rfd8 37. Rc1 Qa5 $2 {[%mdl 8192]} (37... Qb7 $16 {is a better defense.} 38. Rxc8 Nxc8) 38. Rxc8 Nxc8 39. Nc6 {Accuracy: White = 75%, Black = 63%.} 1-0

[Event "POL-chT 2nd League-3 2020"]
[Site "Poronin"]
[Date "2020.09.09"]
[Round "5.16"]
[White "Majocha, Piotr"]
[Black "Stachanczyk, Jacek"]
[Result "1/2-1/2"]
[WhiteElo "2047"]
[BlackElo "2156"]
[Annotator "TA"]
[PlyCount "124"]
[EventDate "2020.09.05"]
[EventType "team-tourn"]
[EventCountry "POL"]
[SourceTitle "playchess.com"]
[Source "ChessBase"]
[SourceQuality "1"]

{[%evp 13,124,-17,-8,-31,-27,-16,-33,-31,-32,-35,0,-41,-49,-51,-51,-30,-25,-50,-53,-56,-33,-44,-41,-79,0,0,0,-1,-3,-4,-8,-8,-8,-71,-71,-71,-71,-71,-69,-71,-71,-87,-78,-91,-72,-77,-77,-72,-77,-82,-71,-93,-72,-87,-61,-60,-57,-59,-52,-66,-54,-66,-64,-87,-87,-87,-72,-72,-72,-72,-72,-72,-66,-72,-72,-87,-72,-87,-72,-87,0,-87,-72,-72,-72,-72,-66,-72,-72,-72,-72,-87,-87,-87,-87,-87,-87,-87,-87,-87,-87,-87,-87,-87,-87,-87,-87,-87,0,-87,0,-87,0]} 1. Nf3 c5 2. g3 Nc6 3. d4 cxd4 4. Nxd4 g6 5. Bg2 Bg7 6. Nxc6 bxc6 7. O-O Rb8 8. c4 {A04: Unusual lines after 1 Nf3 and King's Indian Attack.} Rxb2 9. Bxb2 Bxb2 10. Nd2 {With the idea Rb1.Black is slightly better.} Bxa1 11. Qxa1 Nf6 12. e4 O-O 13. e5 {[#]} Nh5 $146 ({Predecessor:} 13... Ng4 14. Qd4 d6 15. exd6 Qxd6 16. Qxd6 exd6 17. Bxc6 Be6 18. Bd5 Re8 19. Re1 Kf8 20. Bxe6 Rxe6 21. Rxe6 fxe6 22. f4 {½-½ (22) Petters Merino,O (2106)-Kolar,J (2004) LSS email 2011}) 14. Qd4 Qa5 15. c5 Ng7 16. Nb3 Qb5 17. Qc3 Ne6 18. Re1 a5 ({Black should play} 18... Qa4 $17) 19. Bf1 $11 Qa4 20. Nxa5 {[#]} Ba6 $1 {[%mdl 512]} 21. Bxa6 {aiming for Bc4.} Ra8 22. Nxc6 $1 Qxc6 23. Bf1 (23. Bc4 $11) 23... Rxa2 $17 24. Rc1 Qe4 {And now ...Nd4 would win.} 25. Qc4 {[#]} Qa8 $1 26. Bg2 Qa3 27. c6 dxc6 28. Bxc6 Ra1 29. Rxa1 Qxa1+ {[%mdl 64] Double Attack} 30. Kg2 Qxe5 31. Bd5 Nd8 32. h4 Kg7 33. Qb3 e6 34. Bf3 Qc7 35. Qb5 Qe7 36. Kg1 f6 37. Kg2 Nf7 38. Qb7 Qxb7 39. Bxb7 {[%mdl 4096] Endgame KB-KN} Kf8 40. Ba6 Ke7 41. Bd3 f5 42. f4 h6 43. Bc2 Kf6 44. Kf3 Nd6 45. Ba4 Nc4 46. Be8 Nd6 47. Ba4 $1 Ke7 48. Bc6 Nc4 49. Bb5 Nb6 50. Bc6 Nd5 51. Ba4 Kf6 52. Be8 g5 53. hxg5+ hxg5 54. Bd7 g4+ 55. Kf2 Ke7 56. Bb5 Kd6 57. Ba4 Nc3 58. Bb3 Ne4+ 59. Kg2 Nc5 60. Bc4 Ne4 61. Bb3 $1 Nc3 62. Kf2 $1 Ne4+ {Accuracy: White = 90%, Black = 93%.} (62... Kd7 $17) 1/2-1/2

[Event "POL-chT 2nd League-3 2020"]
[Site "Poronin"]
[Date "2020.09.09"]
[Round "5.17"]
[White "Rosicki, Marcin"]
[Black "Szydelko, Michal"]
[Result "1-0"]
[WhiteElo "2039"]
[BlackElo "1877"]
[Annotator "TA"]
[PlyCount "68"]
[EventDate "2020.09.05"]
[EventType "team-tourn"]
[EventCountry "POL"]
[SourceTitle "playchess.com"]
[Source "ChessBase"]
[SourceQuality "1"]

{[%evp 17,68,8,24,-17,4,0,1,0,31,0,0,0,0,0,0,-62,-68,-163,-160,-167,-174,-211,-201,-197,-185,-261,-261,-295,-293,-291,-283,-276,-257,-451,-444,-592,-592,-530,-140,-472,-136,-539,-522,-528,29981,29982,29989,29990,29990,2580,2408,2302,29993]} 1. e4 c5 2. c4 Nc6 3. Ne2 Nf6 4. Nbc3 e6 5. d4 cxd4 6. Nxd4 Bb4 7. Nxc6 bxc6 8. Bd3 e5 9. O-O O-O 10. a3 {10.h3 is the modern continuation. Played by Vladislav Artemiev in June 2020. B44: Sicilian: Taimanov: 5 Nb5.} Bc5 11. b4 Bd4 {[#]} 12. Qc2 $146 {The position is equal.} ({Predecessor:} 12. Bb2 d5 13. cxd5 cxd5 14. exd5 Bb7 15. Qb3 Nxd5 16. Be4 Bxc3 17. Bxd5 Bxb2 18. Bxb7 Bxa1 19. Bxa8 {1-0 (82) Polivanov,A (2374)-Perunovic,M (2597) Skopje 2018}) 12... d5 13. Bg5 dxc4 14. Bxc4 Bxc3 15. Bxf6 Qd4 $1 $36 {[%mdl 2048] White is under pressure.} 16. Rac1 ({White should try} 16. Be7 $1 $11 Bxa1 17. Bxf8 Kxf8 18. Rd1) 16... Qxc4 $15 17. Bxe5 {[#]} (17. Be7 $15 Re8 18. Bh4) 17... Qxf1+ $1 $19 {[%mdl 512]} 18. Rxf1 Bxe5 19. Qxc6 Be6 20. Qc5 Bf6 21. e5 (21. Qe3 $142) 21... Bd8 22. a4 Bb6 23. Qe7 Rac8 24. a5 Bd4 25. g3 $2 (25. h3 {is a better defense.}) 25... Bh3 26. Rd1 {Black must now prevent Qh4.} Rc2 27. Qh4 Bxf2+ 28. Kh1 Be6 $2 (28... Bc8 $1 $19 {[%cal Rc8b7] is more deadly. ( -> ...Bb7+)} 29. Qe4 Rc7) 29. h3 $2 {[%mdl 8192]} (29. Rd8 $17 f6 30. exf6 Rxd8 31. f7+ $1 {[%mdl 576] Discovered Attack} Kxf7 32. Qxd8) 29... Rc4 30. Qe7 {Hoping for Rd8.} Bxh3 $4 {[%mdl 8192]} (30... Bd4 $19 31. Rd2 h6) 31. Rd8 {[%csl Ge7][%cal Rd8f8]} h6 32. Rxf8+ Kh7 33. Rxf7 (33. Qxf7 $142 Bxg3 34. Qxc4 h5 35. Qd3+ {[%mdl 64] Double Attack} Kh6 36. Qxg3 Bg4 {[#]} 37. e6 $1 {[%mdl 512]} Kh7 38. e7) 33... Rg4 $18 34. Rxf2 a6 {Quite a comeback for White. Accuracy: White = 37%, Black = 73%.} 1-0

[Event "POL-chT 2nd League-3 2020"]
[Site "Poronin"]
[Date "2020.09.09"]
[Round "5.18"]
[White "Trusz, Julia"]
[Black "Pluta, Natalia"]
[Result "1-0"]
[WhiteElo "1675"]
[BlackElo "1844"]
[Annotator "NA RC"]
[PlyCount "67"]
[EventDate "2020.09.05"]
[EventType "team-tourn"]
[EventCountry "POL"]
[SourceTitle "playchess.com"]
[Source "ChessBase"]
[SourceQuality "1"]
[TimeControl "40/5400+30:900+30"]

1. d4 {[%emt 0:00:00]} d5 {[%emt 0:00:00]} 2. c4 {[%emt 0:00:00]} e6 {[%emt 0:00:00]} 3. Nf3 {[%emt 0:00:05]} c6 {[%emt 0:00:00]} 4. Qc2 {[%emt 0:00:35]} Nf6 {[%emt 0:00:25]} 5. Nbd2 {[%emt 0:00:59]} Nbd7 {[%emt 0:00:53]} 6. g3 {[%emt 0:00:42]} Bd6 {[%emt 0:02:00]} 7. Bg2 {[%emt 0:01:39]} e5 {[%emt 0:06:06]} 8. dxe5 {[%emt 0:06:56]} Nxe5 {[%emt 0:00:16]} 9. Nxe5 {[%emt 0:00:41]} Bxe5 {[%emt 0:00:10]} 10. Nf3 {[%emt 0:00:30]} Bd6 {[%emt 0:01:05]} 11. O-O {[%emt 0:01:34]} O-O {[%emt 0:01:23]} 12. b3 {[%emt 0:03:26]} Qe7 {[%emt 0:05:18]} 13. Bb2 {[%emt 0:03:26]} Ba3 {[%emt 0:02:41]} 14. Bxa3 {[%emt 0:13:42]} Qxa3 {[%emt 0:00:24]} 15. cxd5 {[%emt 0:02:14]} cxd5 {[%emt 0:03:49]} 16. Nd4 {[%emt 0:03:33]} Bd7 {[%emt 0:03:47]} 17. Rfd1 {[%emt 0:06:38]} Rac8 {[%emt 0:05:51]} 18. Qd2 {[%emt 0:06:26]} Rfe8 {[%emt 0:04:45]} 19. Rac1 {[%emt 0:10:41]} Qa6 {[%emt 0:23:12]} 20. e3 {[%emt 0:14:32]} Bg4 {[%emt 0:01:48]} 21. Bf3 {[%emt 0:01:35]} h5 {[%emt 0:18:36]} 22. h4 {[%emt 0:03:34]} Ne4 {[%emt 0:01:04]} 23. Qb2 {[%emt 0:07:42]} Qf6 {[%emt 0:03:42]} 24. Bxg4 {[%emt 0:02:21]} hxg4 {[%emt 0:00:13]} 25. Rc2 {[%emt 0:01:07]} Rxc2 {[%emt 0:03:36]} 26. Qxc2 {[%emt 0:00:16]} g5 {[%emt 0:00:20]} 27. hxg5 {[%emt 0:00:58]} Nxg5 {[%emt 0:00:49]} 28. Qf5 {[%emt 0:01:29]} Qh6 {[%emt 0:06:48]} 29. Qxg4 {[%emt 0:01:29]} Re4 {[%emt 0:00:08]} 30. f4 {[%emt 0:01:02]} f6 {[%emt 0:00:38]} 31. fxg5 {[%emt 0:01:47]} fxg5 {[%emt 0:00:09]} 32. Qc8+ {[%emt 0:00:26]} Kf7 {[%emt 0:00:05]} 33. Qxb7+ {[%emt 0:00:14]} Ke8 {[%emt 0:00:12]} 34. Rc1 {[%emt 0:00:28]} 1-0

[Event "POL-chT 2nd League-3 2020"]
[Site "Poronin"]
[Date "2020.09.09"]
[Round "5.19"]
[White "Miasik, Adrian"]
[Black "Kumala, Aleksander"]
[Result "1/2-1/2"]
[WhiteElo "1958"]
[BlackElo "2176"]
[Annotator "TA"]
[PlyCount "30"]
[EventDate "2020.09.05"]
[EventType "team-tourn"]
[EventCountry "POL"]
[SourceTitle "playchess.com"]
[Source "ChessBase"]
[SourceQuality "1"]

{[%evp 9,30,0,20,15,16,16,16,13,16,15,26,8,7,-4,32,0,1,2,6,2,6,0,6]} 1. d4 e6 2. c4 b6 3. Nf3 Bb7 4. e3 Bb4+ 5. Bd2 a5 6. Bd3 {A40: Unusual replies to 1 d4.} Nf6 7. a3 Bxd2+ 8. Nbxd2 O-O 9. O-O d6 10. Qc2 Nbd7 11. b4 Qe7 12. Ne4 {[#]} Bxe4 $146 {The position is equal.} ({Predecessor:} 12... g6 13. Nxf6+ Qxf6 14. Be4 Bxe4 15. Qxe4 Rfc8 16. Qc6 Qe7 17. b5 Ra7 18. Nd2 Nb8 {0-1 (75) Konjicanin,M (2245)-Djukic,Z (2287) Zupanja 2009}) 13. Bxe4 Nxe4 14. Qxe4 f5 15. Qc6 Nf6 {A rather calm draw.} 1/2-1/2

[Event "POL-chT 2nd League-3 2020"]
[Site "Poronin"]
[Date "2020.09.09"]
[Round "5.20"]
[White "Kasperek, Ryszard"]
[Black "Ciasnocha, Michal"]
[Result "1-0"]
[WhiteElo "2179"]
[BlackElo "1826"]
[Annotator "TA"]
[PlyCount "51"]
[EventDate "2020.09.05"]
[EventType "team-tourn"]
[EventCountry "POL"]
[SourceTitle "playchess.com"]
[Source "ChessBase"]
[SourceQuality "1"]

{[%evp 15,51,14,18,0,0,0,18,-10,-14,-9,8,11,20,14,25,22,33,45,75,85,118,118,131,145,121,144,187,191,201,204,199,192,256,223,448,440,572,569]} 1. e4 e5 2. Nf3 Nf6 3. Nc3 Nc6 4. Bb5 Nd4 5. O-O Nxb5 6. Nxb5 c6 7. Nc3 Qc7 8. d4 d6 $1 9. Bg5 $1 {[%mdl 4] 9.Bg5 is the recent fashion. C48: Four Knights: 4 Bb5, replies other than 4...Bb4.} Be7 10. a4 {[%cal Ba2a4,Ba4a5,Ba5a6][%mdl 32]} O-O {[#]} 11. Bxf6 $146 {The position is equal.} ({Predecessor:} 11. h3 h6 12. Bh4 g5 13. Bg3 Nh5 14. a5 Rb8 15. Qd2 Nf4 16. Rfe1 Re8 17. Nd1 Be6 18. Ne3 Bf8 19. c4 Qd8 20. h4 Qf6 21. d5 Bd7 {½-½ (21) Baranowski,T (2391)-Schneider,G (2416) ICCF email 2019}) 11... Bxf6 12. d5 g6 13. Qd3 Bg7 14. Nd2 Qe7 15. a5 f5 16. a6 Kh8 17. Nc4 Rd8 18. Na5 fxe4 19. Nxe4 cxd5 20. Qxd5 {[%cal Ra6b7]} Rb8 21. Rfd1 ({Not} 21. axb7 Bxb7 22. Nxb7 Qxb7 $11) 21... Be6 22. Qd2 d5 23. axb7 {Strongly threatening Nc6.} Qc7 ({Don't blunder} 23... dxe4 $2 {[#]} 24. Qxd8+ $1 {[%mdl 512]} Rxd8 25. Rxd8+ Qxd8 26. Nc6 $1 $18 {[%mdl 512]}) (23... Re8 $142) 24. Qc3 Qxc3 $2 (24... Rd7) 25. bxc3 $18 ({Less strong is} 25. Nxc3 Rd7 $18) 25... Rf8 26. Nc5 {Accuracy: White = 94%, Black = 48%.} 1-0

[Event "POL-chT 2nd League-3 2020"]
[Site "Poronin"]
[Date "2020.09.09"]
[Round "5.21"]
[White "Ziemniak, Piotr"]
[Black "Puczylowski, Marcin"]
[Result "1/2-1/2"]
[WhiteElo "1741"]
[BlackElo "2129"]
[Annotator "TA"]
[PlyCount "81"]
[EventDate "2020.09.05"]
[EventType "team-tourn"]
[EventCountry "POL"]
[SourceTitle "playchess.com"]
[Source "ChessBase"]
[SourceQuality "1"]

{[%evp 18,81,17,1,15,20,22,0,0,-135,-119,-131,-89,-113,-108,-122,-77,-73,-50,-46,-52,-171,-73,-147,-57,-55,-63,-209,-134,-150,-150,-261,-167,-568,-94,-91,-89,-79,-6,-6,-6,-6,0,0,0,-26,0,-20,0,0,0,0,25,8,8,0,0,0,0,0,0,0,0,-31,-31,-32]} 1. e4 c5 2. Nf3 g6 3. d4 cxd4 4. Nxd4 Bg7 5. Nc3 Nc6 6. Be3 Nf6 7. Nxc6 bxc6 8. e5 Ng8 9. f4 Nh6 10. Qd2 O-O {B34: Sicilian: Accelerated Dragon with 5 Nc3: sidelines.} 11. O-O-O d6 12. exd6 exd6 {[#] The position is equal.} 13. Ne4 $146 (13. Bd4 $11 {keeps the balance.}) ({Predecessor:} 13. h3 Nf5 14. Bf2 Qa5 15. Bc4 Rb8 16. g4 Rb4 17. Bb3 Nd4 18. Kb1 Be6 19. Ne4 Nxb3 20. axb3 {0-1 (27) Tadic,S (2240)-Vucinic,G (2411) Valjevo 2018}) 13... d5 $17 14. Bc5 Bg4 15. Bxf8 Qxf8 16. Nf2 Bxd1 $40 {[%mdl 128] Black goes for the king.} 17. Nxd1 Nf5 18. g4 Nd6 19. Nf2 (19. Bd3 $1 $15) 19... f5 (19... Rb8 $19 20. c3 Qd8) 20. c3 (20. gxf5 $142 Qxf5 21. Bd3) 20... Ne4 (20... fxg4 $1 $17 {aiming for ...Rb8.} 21. Bd3 Bh6) 21. Nxe4 $15 fxe4 22. Bh3 (22. h4 $15) 22... Rd8 23. Rd1 d4 24. cxd4 (24. Bf1 $17 {might work better.}) 24... Bxd4 25. f5 $2 {[#]} (25. Kb1 {is more resistant.}) 25... Qf6 $2 ({Weaker is} 25... Bb6 26. Qc3 $15) (25... Bf6 $1 $19 {has better winning chances.} 26. Qe1 {[#]} Bxb2+ $1 {[%mdl 512]} 27. Kb1 Rb8) 26. Kb1 $17 gxf5 27. gxf5 c5 ({Better is} 27... Kh8 $17 28. Qc2 e3) 28. Qg2+ $1 $11 Kh8 29. Qxe4 Rb8 30. b3 $1 a5 {[%cal Ba7a5,Ba5a4][%mdl 32]} 31. Qe6 Qg7 32. Rf1 a4 {White must now prevent ...axb3.} 33. f6 Qg6+ 34. Qf5 {Hoping for Qxg6.} Qxf5+ 35. Rxf5 axb3 {[%mdl 4096] Endgame KRB-KRB} 36. f7 Kg7 37. axb3 Rxb3+ 38. Kc2 Rb2+ 39. Kd3 Kf8 {Strongly threatening ...Rb3+.} 40. Rf3 Rb3+ 41. Ke4 {Accuracy: White = 56%, Black = 44%.} 1/2-1/2

[Event "POL-chT 2nd League-3 2020"]
[Site "Poronin"]
[Date "2020.09.09"]
[Round "5.22"]
[White "Kanarkiewicz, Michal"]
[Black "Babiarz, Arkadiusz"]
[Result "1/2-1/2"]
[WhiteElo "2107"]
[BlackElo "1872"]
[Annotator "TA"]
[PlyCount "37"]
[EventDate "2020.09.05"]
[EventType "team-tourn"]
[EventCountry "POL"]
[SourceTitle "playchess.com"]
[Source "ChessBase"]
[SourceQuality "1"]

{[%evp 22,37,40,45,44,54,41,12,13,15,41,0,121,23,7,14,23,12]} 1. e4 c5 2. Nf3 e6 3. d4 cxd4 4. Nxd4 a6 5. Bd3 Nf6 6. O-O Qc7 7. Qe2 d6 8. c4 g6 9. Nc3 Bg7 10. Be3 O-O 11. f4 Nbd7 12. Rac1 b6 {B42: Sicilian: Kan Variation: 5 Bd3.} 13. b4 Bb7 14. Rfd1 Rac8 {The position is equal.} 15. Nb3 Qb8 {[#]} 16. c5 $146 ({Predecessor:} 16. Bf2 Nh5 17. Be3 d5 18. exd5 Nxf4 19. Bxf4 Qxf4 20. dxe6 fxe6 21. Qxe6+ Kh8 22. Nd5 Qf2+ 23. Kh1 Ne5 24. Qxb6 Nxd3 25. Rc3 Rxc4 26. Rdc1 Bd4 {0-1 (26) Vignesh,N (2043)-Anurag,M (2240) New Delhi 2012}) 16... Qa8 (16... bxc5 $11 {remains equal.} 17. bxc5 e5) 17. cxd6 ({White has to play} 17. cxb6 $16 {Na5 is the strong threat.} Nh5 18. Qe1) 17... Rxc3 $1 $11 {[%mdl 64] [#] Remove Defender} 18. Rxc3 {And now e5 would win.} Nxe4 19. Rc7 {Accuracy: White = 45%, Black = 72%.} 1/2-1/2

[Event "POL-chT 2nd League-3 2020"]
[Site "Poronin"]
[Date "2020.09.09"]
[Round "5.23"]
[White "Ziemniak, Grzegorz"]
[Black "Zurkowski, Andrzej"]
[Result "0-1"]
[WhiteElo "1693"]
[BlackElo "2047"]
[Annotator "TA"]
[PlyCount "72"]
[EventDate "2020.09.05"]
[EventType "team-tourn"]
[EventCountry "POL"]
[SourceTitle "playchess.com"]
[Source "ChessBase"]
[SourceQuality "1"]

{[%evp 9,72,9,18,0,0,6,25,-48,-37,-55,0,0,0,-13,0,0,0,-14,0,0,17,0,0,0,0,0,0,-97,-86,-86,-68,-445,-441,-587,-604,-587,-571,-587,-423,-462,-406,-796,-834,-977,-975,-940,-906,-895,-862,-1047,-1043,-1160,-1060,-1343,-1130,-1197,-1204,-1221,-1110,-1248,-1235,-1413,-1347,-1641,-1552]} 1. e4 c5 2. Nf3 g6 3. d4 cxd4 4. Nxd4 Bg7 5. Be3 Nf6 6. Bd3 {B27: Sicilian: 2 Nf3, unusual Black 2nd moves.} Nc6 7. c4 d6 8. f3 {[#]} (8. h3 $1 $11) 8... Ng4 $146 ({Predecessor:} 8... O-O 9. Nc3 Ne5 10. Be2 Bd7 11. Rc1 Rc8 12. Nd5 Nxd5 13. exd5 Qa5+ 14. Kf2 Qxa2 15. Qc2 Qa4 16. Qxa4 Bxa4 17. f4 Nd7 {0-1 (41) Piamonte,C (1508)-Llano Buritica,E (1701) Bogota 2014}) 9. fxg4 {Black must now prevent Nxc6.} Nxd4 (9... Bxd4 $15 10. Bxd4 Nxd4) 10. Nc3 $11 O-O 11. O-O Be6 12. Nd5 Nc6 {[%cal Bd4c6,Bc6e5,Be5c4,Bc4b2][%mdl 32]} 13. h3 Rc8 14. Rf2 Bd7 15. Rc1 e6 16. Nc3 Ne5 17. b3 Qa5 18. Ne2 (18. Bf1 $11) 18... Qxa2 $17 19. Nd4 Qa3 20. Bc2 $2 {[%mdl 8192] [#] White does not recover from this.} ({White should play} 20. Bf1 $15) 20... Nxc4 $1 $19 {[%mdl 576] Pin} 21. Bf4 (21. bxc4 Qxe3) 21... Nb2 22. Qd2 e5 {[%mdl 64] Double Attack} 23. Nf5 {Ne7+ is the strong threat.} Bxf5 24. Be3 Be6 25. Bb1 (25. Re1 $142) 25... Qxb3 {Black is clearly winning.} 26. Qxb2 Qxe3 27. Rcf1 b6 28. Kh2 d5 29. Ba2 Qxe4 30. Qa3 Rc7 31. Qd6 Rd7 32. Qa3 Qd4 33. Bb3 Qc5 34. Qa2 e4 35. h4 Bxg4 36. h5 e3 {Accuracy: White = 62%, Black = 90%.} 0-1

[Event "POL-chT 2nd League-3 2020"]
[Site "Poronin"]
[Date "2020.09.09"]
[Round "5.24"]
[White "Kasperek, Joanna"]
[Black "Polak, Sylwia"]
[Result "1-0"]
[WhiteElo "2048"]
[BlackElo "1590"]
[Annotator "TA"]
[PlyCount "95"]
[EventDate "2020.09.05"]
[EventType "team-tourn"]
[EventCountry "POL"]
[SourceTitle "playchess.com"]
[Source "ChessBase"]
[SourceQuality "1"]

{[%evp 14,95,61,55,56,58,52,52,56,59,72,62,66,57,72,56,91,37,50,41,53,51,42,44,41,25,31,0,0,0,0,0,0,0,3,-10,-10,-31,-31,-40,-43,-115,-115,-126,-133,-145,-148,-329,-320,-315,-340,-334,-303,-287,12825,11827,5109,-270,-268,-251,-215,-389,-365,-605,-711,-668,-672,-611,-579,-478,-278,-260,-157,-142,0,-272,0,0,0,0,0,0,617,625]} 1. e4 c5 2. Nf3 e6 3. d4 cxd4 4. Nxd4 a6 5. c4 Qc7 6. Nc3 Nf6 7. Be2 d6 8. O-O Nbd7 {B41: Sicilian: Kan Variation: 5 c4.} 9. f4 b6 10. Be3 Bb7 {White is slightly better.} 11. Bf3 Rc8 12. Rc1 Be7 13. b3 Nc5 {[%cal Rc5e4]} 14. Qc2 h5 {[#]} 15. Rce1 $146 ({Better is} 15. h3 $16) ({Predecessor:} 15. Kh1 Qb8 16. b4 Ncd7 17. Qd3 Ng4 18. Bg1 g5 19. Qe2 gxf4 20. Bxg4 hxg4 21. Qxg4 {0-1 (73) Senkyr,M (2160)-Karasek,L (2183) Czechia 2010}) 15... b5 16. cxb5 Ncxe4 $1 17. Nxe4 Qxc2 18. Nxf6+ Bxf6 19. Nxc2 Bxf3 20. Rxf3 {Black must now prevent Na3.} Rxc2 21. bxa6 Rxa2 22. a7 {Threatens to win with Rf2.} Kd7 23. Rc1 {aiming for Rf2.} Rc8 24. Rff1 {Hoping for Rxc8.} d5 25. Rxc8 Kxc8 $11 {[%mdl 4096] Endgame KRB-KRB} 26. Bc5 Kb7 27. b4 (27. f5 $15) 27... Bd8 $17 28. Rf2 Ra4 29. f5 e5 $1 30. Re2 $2 (30. Rf3 $17) 30... f6 $19 31. Re3 Bb6 32. Rg3 Bxc5+ ({Weaker is} 32... Bxa7 33. Rxg7+ Kb8 34. Rg8+ Kc7 35. Rg7+ Kb8 36. Rg8+ Kc7 37. Rg7+ Kb8 $11) 33. bxc5 Rxa7 $4 {[%mdl 8192]} (33... Ra1+ $19 34. Kf2 Ra2+ 35. Ke1 Kc6 36. Rxg7 Kxc5) 34. Rxg7+ {KR-KR} Ka6 35. Rg6 $4 {[%mdl 8192]} (35. Rxa7+ $18 Kxa7 36. h3) 35... Rf7 36. Rg8 Rc7 37. Rd8 $2 (37. Rg6 {is the only way for White.} Rf7 38. Rg8) 37... d4 38. Rd6+ $2 (38. Kf2 Kb5 39. Rf8) 38... Kb5 39. Rxf6 Kxc5 40. Kf2 e4 41. Rf8 Kc4 (41... Kd5 $142 42. f6 e3+ 43. Kf3 Rc2 44. Rd8+ Ke5 45. Re8+ Kxf6) 42. Ke2 Kc3 43. f6 {[#]} Kc2 ({Black should play} 43... Rc6 $1 $17 44. f7 Rc7) 44. f7 $2 {[%mdl 8192] [#]} (44. Rd8 $11 Kc3 45. Rd5) 44... d3+ $2 (44... Kc3 $1 $19 45. g3 e3) 45. Ke3 $11 Kc1 46. g3 Kd1 47. h3 $1 {Threatening g4.} ({Not} 47. Kxe4 $2 d2 $19) 47... Ke1 $2 {[%mdl 8192]} (47... Kc1 $11) 48. Ra8 {What a bad dream for Black. Accuracy: White = 61%, Black = 68%.} 1-0